[Event "Stay Safe Play From Home 164"]
[Site "T#646228Emanuel Laske"]
[Date "2020.05.21"]
[Round "3"]
[White "Haxhi Baha"]
[Black "Lamborghini"]
[Result "0-1"]
[WhiteElo "1890"]
[BlackElo "2211"]
[Annotator "TA"]
[PlyCount "88"]
[EventDate "2020.05.21"]
[EventType "swiss (blitz)"]

{[%evp 14,88,23,0,9,0,26,19,34,30,72,-66,-76,-136,-159,-272,-173,-252,-245,-229,-221,-396,-87,-87,-87,-87,-87,-90,-95,-314,-225,-239,156,0,430,-418,-338,-475,-144,-612,-124,-118,-102,-102,-97,-131,-70,-66,-28,-85,-25,-124,115,95,163,166,2219,2096,2029,1847,5993,5993,5860,5860,5635,2060,5700,5596,2095,1927,5177,5197,29983,-8,-8,-8,-8]} 1. e4 c5 2. Nf3 d6 3. d4 cxd4 4. Nxd4 Nf6 5. Nc3 g6 6. Be2 Bg7 7. Be3 O-O 8. g4 Nc6 {[%cal Bb8c6,Bc6e5,Be5c4][%mdl 32] B72: Sicilian Dragon: 6 Be3, lines with h3+Bc4 and sidelines.} 9. g5 Nd7 (9... Ng4 $5) 10. Qd2 Nb6 11. h4 Ne5 {[#]} 12. f4 $146 (12. h5 $1 $16) ({Predecessor:} 12. b3 Ng4 13. O-O-O Nxe3 14. Qxe3 a6 15. h5 Qc7 16. Nd5 Nxd5 17. exd5 Qc5 18. Kb1 {1-0 (28) Radulski,J (2577)-Cebalo,M (2500) Zagreb 2010}) 12... Nec4 $15 13. Bxc4 (13. Qc1 $142) 13... Nxc4 $17 14. Qc1 (14. Qe2 $17 Nxe3 15. Qxe3) 14... b5 15. h5 (15. Nd5 {was worth a try.} Bb7 16. b3) 15... Bb7 $19 16. Ndxb5 d5 {aiming for ...d4.} 17. e5 $2 {[#]} ({Don't play} 17. exd5 Bxd5 18. Rh2 Rb8) (17. h6 {might work better.} Bxc3+ 18. bxc3) 17... Nxe3 $2 (17... d4 $1 $19 {[%mdl 512] and Black stays clearly on top.} 18. Nxd4 Bxh1) 18. Qxe3 $17 d4 $1 {[%cal Rd4e3][%mdl 64] Discovered Attack} 19. Nxd4 {Rh2 is the strong threat.} Bxh1 20. O-O-O Bb7 {And now ...Qb6 would win.} 21. hxg6 $2 (21. h6 $17 Bh8 {[#]} 22. Ne6 $1 {[%mdl 512]} Qxd1+ 23. Kxd1 fxe6 24. Kc1) 21... hxg6 {Strongly threatening ...Qb6.} 22. f5 {If only White now had time for f6....} gxf5 $2 (22... Qc7 $19 23. f6 exf6 24. gxf6 Rfe8 25. fxg7 Qxe5 26. Qxe5 Rxe5) 23. Nxf5 $16 Qb6 $2 {[%mdl 8192]} (23... Qe8 $1 $11 {and Black has nothing to worry.} 24. e6 Rd8) 24. Qf4 $4 {[%mdl 8192]} (24. Nxe7+ $18 {was the only winning move.} Kh8 25. Rd4 (25. Qh3+ Bh6 $16)) 24... Rfe8 25. g6 (25. Ne2 $142) 25... Qxg6 $2 (25... fxg6 $19 {has better winning chances.} 26. Qc4+ Kf8) 26. Nh4 $2 {[%mdl 8192]} (26. Rd3 $17 e6 27. Nxg7 Qg1+ 28. Kd2 Qg2+ 29. Ne2) 26... Bh6 $2 (26... Qh6 $19 {is more deadly.} 27. Qxh6 Bxh6+ 28. Kb1 Bf4) 27. Nxg6 $17 Bxf4+ 28. Nxf4 Rad8 29. Rg1+ Kf8 (29... Kh8 $17 30. Nd3 Rg8) 30. e6 $15 Rd4 31. Nce2 (31. Nd3 $11) 31... Re4 (31... Ra4 $17 32. a3 Rc8 33. exf7 Kxf7) 32. Rg4 (32. Rf1 $1 $11) 32... Rxe2 $2 (32... Rc8 $17 {keeps the pressure on.} 33. Nc3 Rec4 34. exf7 Kxf7) 33. Nxe2 $17 {[%mdl 4096] Endgame KRB-KRN} Bf3 (33... fxe6 $16 34. Rb4 Bh1) 34. Rh4 $18 Bxe2 $2 {KRB-KR} (34... Kg7) 35. Rh8+ Kg7 36. Rxe8 {KR-KB} Kf6 37. exf7 Kxf7 38. Ra8 a6 39. Ra7 (39. Kd2 $142 Bf1 40. b3) 39... Bb5 40. Kd2 Kf6 41. b3 e5 42. c4 e4 43. Rxa6+ $2 (43. cxb5 {mates} axb5 44. Rb7 Kf5 45. Rxb5+ Kf4 46. a4 Kf3 47. a5 Kf2 48. Rf5+ Kg3 49. Ke3) 43... Bxa6 $11 44. Ke3 Ke5 {[%mdl 32768] Accuracy: White = 35%, Black = 29%. . Sensor Board Error (Ke4/e5)?} (44... Kf5 $5) 0-1

[Event "Stay Safe Play From Home 164"]
[Site "T#646228Emanuel Laske"]
[Date "2020.05.21"]
[Round "3"]
[White "Klausen"]
[Black "Emresenar"]
[Result "0-1"]
[WhiteElo "1810"]
[BlackElo "1738"]
[Annotator "NA"]
[PlyCount "54"]
[EventDate "2020.05.21"]
[EventType "swiss (blitz)"]

1. Nf3 {[%emt 0:00:01]} d5 {[%emt 0:00:01]} 2. d4 {[%emt 0:00:01]} Bg4 {[%emt 0:00:00]} 3. Ne5 {[%emt 0:00:02]} Bf5 {[%emt 0:00:02]} 4. c4 {[%emt 0:00:01]} Nd7 {[%emt 0:00:01]} 5. cxd5 {[%emt 0:00:02]} Nxe5 {[%emt 0:00:02]} 6. dxe5 {[%emt 0:00:01]} e6 {[%emt 0:00:02]} 7. Nc3 {[%emt 0:00:02]} exd5 {[%emt 0:00:01]} 8. Qxd5 {[%emt 0:00:02]} Qxd5 {[%emt 0:00:06]} 9. Nxd5 {[%emt 0:00:02]} O-O-O {[%emt 0:00:01]} 10. Nc3 {[%emt 0:00:04]} Bb4 {[%emt 0:00:03]} 11. Bd2 {[%emt 0:00:02]} Nh6 {[%emt 0:00:06]} 12. f3 {[%emt 0:00:03]} Rhe8 {[%emt 0:00:03]} 13. O-O-O {[%emt 0:00:04]} Rxe5 {[%emt 0:00:03]} 14. e4 {[%emt 0:00:02]} Be6 {[%emt 0:00:02]} 15. a3 {[%emt 0:00:03]} Ba5 {[%emt 0:00:02]} 16. Be2 {[%emt 0:00:04]} f5 {[%emt 0:00:04]} 17. Bf4 {[%emt 0:00:04]} Rc5 {[%emt 0:00:06]} 18. Rxd8+ {[%emt 0:00:04]} Kxd8 {[%emt 0:00:00]} 19. Rd1+ {[%emt 0:00:03]} Kc8 {[%emt 0:00:00]} 20. Bd2 {[%emt 0:00:03]} Bxc3 {[%emt 0:00:01]} 21. Bxc3 {[%emt 0:00:02]} fxe4 {[%emt 0:00:01]} 22. fxe4 {[%emt 0:00:06]} Nf7 {[%emt 0:00:01]} 23. Kb1 {[%emt 0:00:01]} Nd6 {[%emt 0:00:01]} 24. Bxg7 {[%emt 0:00:01]} Nxe4 {[%emt 0:00:01]} 25. Bd4 {[%emt 0:00:00]} Rd5 {[%emt 0:00:01]} 26. Bf3 {[%emt 0:00:01]} Rxd4 {[%emt 0:00:03]} 27. Bxe4 {[%emt 0:00:01]} Rxd1+ {[%emt 0:00:01] Zeit (Lag: Av=0.49s, max=1.0s)} 0-1

[Event "Stay Safe Play From Home 164"]
[Site "T#646228Emanuel Laske"]
[Date "2020.05.21"]
[Round "3"]
[White "Aleckst"]
[Black "Matanant"]
[Result "1-0"]
[WhiteElo "1351"]
[BlackElo "1742"]
[Annotator "NA"]
[PlyCount "69"]
[EventDate "2020.05.21"]
[EventType "swiss (blitz)"]

1. e4 {[%emt 0:00:01]} e5 {[%emt 0:00:01]} 2. Nf3 {[%emt 0:00:00]} d5 {[%emt 0:00:01]} 3. Nc3 {[%emt 0:00:00]} d4 {[%emt 0:00:02]} 4. Ne2 {[%emt 0:00:01]} Bd6 {[%emt 0:00:00]} 5. c3 {[%emt 0:00:01]} c5 {[%emt 0:00:01]} 6. cxd4 {[%emt 0:00:02]} cxd4 {[%emt 0:00:01]} 7. Qb3 {[%emt 0:00:01]} Nc6 {[%emt 0:00:03]} 8. d3 {[%emt 0:00:02]} Na5 {[%emt 0:00:05]} 9. Qc2 {[%emt 0:00:02]} Be6 {[%emt 0:00:02]} 10. Bd2 {[%emt 0:00:02]} Rc8 {[%emt 0:00:02]} 11. Qa4+ {[%emt 0:00:03]} Nc6 {[%emt 0:00:03]} 12. g3 {[%emt 0:00:04]} f6 {[%emt 0:00:02]} 13. Bg2 {[%emt 0:00:03]} Nge7 {[%emt 0:00:00]} 14. O-O {[%emt 0:00:01]} O-O {[%emt 0:00:00]} 15. Rac1 {[%emt 0:00:08]} a6 {[%emt 0:00:00]} 16. b4 {[%emt 0:00:05]} Na7 {[%emt 0:00:09]} 17. a3 {[%emt 0:00:01]} Nb5 {[%emt 0:00:04]} 18. Qd1 {[%emt 0:00:02]} Qd7 {[%emt 0:00:02]} 19. Rxc8 {[%emt 0:00:01]} Rxc8 {[%emt 0:00:02]} 20. Bc1 {[%emt 0:00:00]} Nc6 {[%emt 0:00:04]} 21. Qa4 {[%emt 0:00:02]} Qf7 {[%emt 0:00:02]} 22. Nd2 {[%emt 0:00:01]} Nc3 {[%emt 0:00:03]} 23. Nxc3 {[%emt 0:00:02]} dxc3 {[%emt 0:00:00]} 24. Nc4 {[%emt 0:00:02]} Bxc4 {[%emt 0:00:02]} 25. dxc4 {[%emt 0:00:01]} Qxc4 {[%emt 0:00:00]} 26. Qc2 {[%emt 0:00:02]} Nd4 {[%emt 0:00:01]} 27. Qd1 {[%emt 0:00:03]} c2 {[%emt 0:00:02]} 28. Re1 {[%emt 0:00:00]} cxd1=Q {[%emt 0:00:02]} 29. Rxd1 {[%emt 0:00:00]} Nb3 {[%emt 0:00:01]} 30. Rxd6 {[%emt 0:00:02]} Qxc1+ {[%emt 0:00:01]} 31. Bf1 {[%emt 0:00:00]} Qb1 {[%emt 0:00:02]} 32. Re6 {[%emt 0:00:00]} Rc1 {[%emt 0:00:01]} 33. Re8+ {[%emt 0:00:00]} Kf7 {[%emt 0:00:01]} 34. Kg2 {[%emt 0:00:01]} Rxf1 {[%emt 0:00:00]} 35. Kh3 {[%emt 0:00:01] Time (Lag: Av=0.87s, max=2.6s)} 1-0

[Event "Stay Safe Play From Home 164"]
[Site "T#646228Emanuel Laske"]
[Date "2020.05.21"]
[Round "3"]
[White "Mandy"]
[Black "Haris kollari 13"]
[Result "0-1"]
[WhiteElo "901"]
[BlackElo "1696"]
[Annotator "NA"]
[PlyCount "24"]
[EventDate "2020.05.21"]
[EventType "swiss (blitz)"]

1. d4 {[%emt 0:00:02]} e6 {[%emt 0:00:00]} 2. Bf4 {[%emt 0:00:02]} d5 {[%emt 0:00:00]} 3. e3 {[%emt 0:00:01]} c5 {[%emt 0:00:01]} 4. c3 {[%emt 0:00:03]} Nc6 {[%emt 0:00:01]} 5. Nf3 {[%emt 0:00:03]} Nf6 {[%emt 0:00:01]} 6. h3 {[%emt 0:00:01]} Bd6 {[%emt 0:00:02]} 7. Bg3 {[%emt 0:00:03]} Bxg3 {[%emt 0:00:01]} 8. fxg3 {[%emt 0:00:04]} Qd6 {[%emt 0:00:01]} 9. Bd3 {[%emt 0:00:02]} Qxg3+ {[%emt 0:00:02]} 10. Kf1 {[%emt 0:00:11]} c4 {[%emt 0:00:02]} 11. Be2 {[%emt 0:00:04]} Ne4 {[%emt 0:00:02]} 12. Nbd2 {[%emt 0:00:01]} Qf2# {[%emt 0:00:02] (Lag: Av=0.51s, max=1.1s)} 0-1

[Event "Stay Safe Play From Home 164"]
[Site "T#646228Emanuel Laske"]
[Date "2020.05.21"]
[Round "4"]
[White "Lamborghini"]
[Black "Karthikchess"]
[Result "0-1"]
[WhiteElo "2216"]
[BlackElo "2537"]
[Annotator "TA"]
[PlyCount "76"]
[EventDate "2020.05.21"]
[EventType "swiss (blitz)"]

{[%evp 14,76,15,-6,-7,-4,84,12,72,70,77,56,31,0,0,-184,-163,-141,-148,-301,-291,-277,-183,-167,-183,-174,-82,-127,-113,-210,-99,-80,-56,-132,-138,-357,-299,-302,-297,-624,-404,-591,-286,-618,-414,-375,-379,-506,-506,-499,-337,-593,-578,-559,-546,-825,-827,-29973,-29973,-29986,-29987,-29989,-29990,-29991,-29992]} 1. e4 d6 2. d4 Nf6 3. Nc3 g6 4. Be3 Bg7 5. f3 c6 6. Qd2 b5 7. a4 {7.0-0-0 is the modern continuation.} b4 8. Nd1 a5 {B07: Pirc Defence: Miscellaneous Systems.} 9. Nf2 {[#]} e5 $146 (9... Nbd7 $11 {keeps the balance.}) ({Predecessor:} 9... Nbd7 10. Bd3 O-O 11. Ne2 e5 12. c3 d5 13. O-O Re8 14. Bh6 bxc3 15. bxc3 Ba6 16. Bxg7 Kxg7 17. Bxa6 Rxa6 {½-½ (36) Yu,Y (2688)-Giri,A (2722) Reykjavik 2013}) 10. Ne2 (10. dxe5 $16 dxe5 11. Qxd8+ Kxd8 12. Ngh3) 10... exd4 (10... O-O $11) 11. Nxd4 $16 O-O 12. Be2 Re8 13. O-O d5 {[%cal Rd5e4]} 14. exd5 $2 (14. Rfe1 $11 {and White is okay.}) 14... Nxd5 $19 15. Bg5 Qb6 16. Nb3 $2 (16. Nb5 $17 {keeps fighting.}) 16... h6 ({Don't take} 16... Bxb2 17. Rab1 $19) 17. Bh4 Ba6 18. Bxa6 Nxa6 ({Stronger than} 18... Qxa6 19. Nd3 $11) 19. Kh1 Nc5 (19... Ne3 $19 {Hoping for ...g5.} 20. Rfe1 g5) 20. Nxc5 Qxc5 21. Ne4 (21. Nd3 $17 {was necessary.} Qe3 22. Rad1) 21... Qd4 (21... Qe3 $19 {and Black stays clearly on top. aiming for ...Rxe4.} 22. Qd1 Bxb2) 22. Qxd4 $17 Bxd4 23. Rab1 {[#] White is on the road to losing.} ({White should play} 23. c3 $1 $15 Bg7 24. g4) 23... f5 $1 {[%cal Rf5e4]} 24. Nf2 $2 (24. c3 $17) 24... Re2 25. Nd3 Rxc2 26. Rbd1 $2 (26. Bf2 c5 27. Bxd4 cxd4 28. Kg1) 26... Re8 27. Bg3 (27. Rfe1 $142 Re3 28. b3) 27... Ree2 (27... Ne3 $142 28. Rfe1 Nxd1 29. Rxe8+ Kf7) 28. Nf4 $2 (28. Nc1 Rxg2 29. Rxd4) 28... Red2 29. Nxd5 cxd5 30. Rxd2 Rxd2 $19 {[%mdl 4096] Endgame KRB-KRB} 31. b3 Bc3 32. Bc7 $2 (32. Rb1) 32... Rb2 33. Bxa5 Rxb3 34. Bb6 Ra3 35. a5 b3 {[%cal Bb4b3,Bb3b2][%mdl 32] Black mates.} 36. Rb1 b2 37. g3 {[#]} Ra1 $1 38. Kg2 Rxb1 {Accuracy: White = 24%, Black = 41%.} 0-1

[Event "Stay Safe Play From Home 164"]
[Site "T#646228Emanuel Laske"]
[Date "2020.05.21"]
[Round "4"]
[White "SoulofWolf"]
[Black "Mepe_Nika"]
[Result "0-1"]
[WhiteElo "2161"]
[BlackElo "2253"]
[Annotator "TA"]
[PlyCount "62"]
[EventDate "2020.05.21"]
[EventType "swiss (blitz)"]

{[%evp 9,61,0,21,2,16,-12,-11,-6,-4,-23,-16,-29,0,-18,-8,0,0,0,0,0,0,-11,-11,-94,0,-13,-8,-16,7,-80,-97,-91,-27,-161,-129,-124,-118,-168,-151,-150,-153,-217,-192,-274,-168,-163,0,0,0,0,0,-29998,-29999,-29999]} 1. d4 d5 2. Nf3 Nf6 3. g3 Bf5 4. Bg2 e6 5. O-O h6 6. Re1 {D02: 1 d4 d5 2 Nf3 sidelines, including 2...Nf6 3 g3 and 2...Nf6 3 Bf4.} c6 7. Nbd2 {[%cal Bb1d2,Bd2f3,Bf3e5][%mdl 32]} Be7 8. Ne5 {The position is equal.} O-O 9. Ndf3 Nbd7 {[#]} 10. b3 $146 ({Predecessor:} 10. c3 Be4 11. Qb3 Qb6 12. Qxb6 axb6 13. Nxd7 Nxd7 14. Nd2 Bxg2 15. Kxg2 b5 16. e4 Ra6 17. a3 dxe4 18. Nxe4 Nf6 19. Nxf6+ Bxf6 20. Be3 Rd8 21. Re2 Rd5 {½-½ (21) Werdecker,R (1862)-Graf,C (1982) Germany 2017}) 10... Be4 11. Bb2 Nxe5 12. Nxe5 Bxg2 13. Kxg2 Nd7 14. Nd3 c5 15. e3 Rc8 16. Rc1 (16. dxc5 $11 {keeps the balance.} Nxc5 17. Nxc5 Rxc5 18. e4) 16... b5 (16... c4 $17 17. bxc4 Rxc4) 17. c4 bxc4 18. bxc4 cxd4 19. Bxd4 (19. cxd5 $11 Rxc1 20. Bxc1) 19... dxc4 $17 20. Nb2 Nb6 (20... e5 $17 21. Bc3 Ba3) 21. Qc2 (21. Bxb6 $11 {and White has nothing to worry.} Qxb6 22. Nxc4) 21... Bf6 22. Bxf6 Qxf6 23. Red1 Rfd8 24. Rxd8+ Qxd8 25. a4 (25. Nd1 $17 {was called for.}) 25... a5 26. Qc3 (26. Nd1 $142) 26... Qd7 27. Qxa5 Nd5 $2 ({Better is} 27... Qc6+ $19 28. Kg1 c3) 28. Rxc4 $11 ({Much weaker is} 28. Nxc4 {[#]} Qc6 $1 $17 {[%mdl 512]}) 28... Rxc4 29. Nxc4 {aiming for e4.} Qc6 {( -> ...Nf4+!)} 30. Ne5 $2 {[%mdl 8192] [#]} (30. e4 $11 Qxc4 31. exd5 Qe4+ 32. f3 Qe2+ 33. Kh3) 30... Nf4+ $1 {[%mdl 576] Discovered Attack (Double check)} 31. Kf1 Qh1# {Accuracy: White = 53%, Black = 68%.} 0-1

[Event "Stay Safe Play From Home 164"]
[Site "T#646228Emanuel Laske"]
[Date "2020.05.21"]
[Round "4"]
[White "Lazieri3"]
[Black "Haxhi Baha"]
[Result "0-1"]
[WhiteElo "2143"]
[BlackElo "1886"]
[Annotator "TA"]
[PlyCount "118"]
[EventDate "2020.05.21"]
[EventType "swiss (blitz)"]

{[%evp 9,118,0,12,-12,5,0,29,-4,0,-15,-14,-15,-15,-12,0,-10,14,19,4,-14,-11,-4,0,-15,0,0,0,0,0,-41,-41,-38,-38,-41,-35,-50,-7,-30,-20,-52,-22,-72,-32,-71,-68,-93,-64,-51,-7,-7,-9,-88,-119,-291,-267,-337,-8,-8,-8,-8,-8,-8,-8,-41,-8,-230,-230,-824,-775,-1144,-581,-29975,-29976,-29981,-29982,-29982,-29982,-29986,-29983,-29983,-29984,-29984,-29985,-29986,-29987,-29987,-29988,-29988,-29989,-29989,-29990,-29990,-29991,-29994,-29991,-29991,-29991,-29991,-29992,-29992,-29992,-29992,-29993,-29993,-29994,-29996,-29995,-29995,-29996,-29996,-29997]} 1. e4 e6 2. Nc3 d5 3. exd5 exd5 4. d4 Nf6 5. Nf3 c6 6. Bf4 {C01: French: Exchange Variation.} Be7 7. Bd3 O-O 8. O-O {White has an edge.} Bg4 9. Be2 Nbd7 10. Ne5 Bxe2 {[#]} 11. Nxe2 $146 ({Predecessor:} 11. Qxe2 Re8 12. Qd2 Bb4 13. a3 Ne4 14. Qd3 Nxc3 15. bxc3 Ba5 16. Nxd7 Qxd7 {0-1 (57) Mohale,M (1131)-Wolmarans,R (1641) Boksburg 2018}) 11... Re8 12. Ng3 Ne4 13. Nxe4 dxe4 14. Nxd7 Qxd7 15. c3 f5 16. f3 exf3 17. Qxf3 g6 18. Rfe1 Bf6 19. Re2 Rxe2 20. Qxe2 Re8 21. Qf2 Qe6 22. h3 h5 23. a3 Kf7 24. Rf1 Qe4 25. Qf3 b6 26. Qxe4 Rxe4 $15 {[%mdl 4096] Endgame KRB-KRB} 27. g3 Re2 28. Rf2 Rxf2 (28... Re1+ {feels hotter.} 29. Rf1 Re7 30. h4 Re2 31. Rf2 Re4) 29. Kxf2 {KB-KB} Ke6 30. h4 (30. Bb8 $11 {remains equal.}) 30... Kd5 $1 $17 31. b3 $2 {[#]} (31. Ke3 $17 {was called for.}) 31... Ke4 $1 $19 32. Ke2 {[#]} c5 $2 (32... Bxh4 $1 $19 {[%mdl 512] White must now prevent ...Be7.} 33. a4 (33. gxh4 Kxf4) 33... Bd8) 33. dxc5 $11 bxc5 34. Be3 Bxc3 {Strongly threatening ...Bd4.} 35. Bxc5 a6 36. b4 Be5 37. a4 $2 {White is now going downhill.} (37. Bf2 $11) 37... Bxg3 $19 38. b5 $2 (38. Be7) 38... axb5 39. axb5 Bxh4 40. Bd6 {Threatens to win with b6.} Bd8 {Black mates.} 41. Kf2 Bb6+ 42. Kg2 g5 43. Bg3 f4 44. Bf2 Bxf2 45. Kxf2 {KP-KP} Kd5 46. Kf3 Kc5 47. Ke4 Kxb5 48. Kf3 Kc4 49. Ke4 Kc3 50. Kf3 Kd3 51. Kg2 Ke4 52. Kf1 g4 53. Kf2 g3+ 54. Kg2 Ke3 55. Kh3 f3 56. Kxg3 f2 57. Kh2 Ke2 58. Kg3 f1=Q 59. Kh2 Qf4+ {Accuracy: White = 58%, Black = 80%.} 0-1

[Event "Stay Safe Play From Home 164"]
[Site "T#646228Emanuel Laske"]
[Date "2020.05.21"]
[Round "4"]
[White "Sfantul321"]
[Black "Klausen"]
[Result "0-1"]
[WhiteElo "1996"]
[BlackElo "1789"]
[Annotator "NA"]
[PlyCount "64"]
[EventDate "2020.05.21"]
[EventType "swiss (blitz)"]

1. c4 {[%emt 0:00:02]} d5 {[%emt 0:00:02]} 2. Nc3 {[%emt 0:00:00]} d4 {[%emt 0:00:01]} 3. Nb1 {[%emt 0:00:01]} Nc6 {[%emt 0:00:02]} 4. d3 {[%emt 0:00:00]} e5 {[%emt 0:00:01]} 5. g3 {[%emt 0:00:00]} Nf6 {[%emt 0:00:02]} 6. Bg2 {[%emt 0:00:00]} Be7 {[%emt 0:00:01]} 7. a3 {[%emt 0:00:01]} a5 {[%emt 0:00:02]} 8. b3 {[%emt 0:00:01]} O-O {[%emt 0:00:02]} 9. Nf3 {[%emt 0:00:00]} Bc5 {[%emt 0:00:01]} 10. O-O {[%emt 0:00:01]} Qe7 {[%emt 0:00:01]} 11. Bg5 {[%emt 0:00:01]} h6 {[%emt 0:00:02]} 12. Bxf6 {[%emt 0:00:01]} Qxf6 {[%emt 0:00:01]} 13. Nbd2 {[%emt 0:00:00]} Qe7 {[%emt 0:00:01]} 14. Ne4 {[%emt 0:00:01]} f5 {[%emt 0:00:01]} 15. Nxc5 {[%emt 0:00:02]} Qxc5 {[%emt 0:00:02]} 16. Nd2 {[%emt 0:00:00]} Bd7 {[%emt 0:00:02]} 17. Qc2 {[%emt 0:00:01]} Rae8 {[%emt 0:00:02]} 18. Bd5+ {[%emt 0:00:01]} Kh8 {[%emt 0:00:02]} 19. Rfe1 {[%emt 0:00:00]} e4 {[%emt 0:00:01]} 20. dxe4 {[%emt 0:00:01]} fxe4 {[%emt 0:00:01]} 21. Bxe4 {[%emt 0:00:01]} d3 {[%emt 0:00:02]} 22. Bxd3 {[%emt 0:00:01]} Qxf2+ {[%emt 0:00:02]} 23. Kh1 {[%emt 0:00:01]} Nd4 {[%emt 0:00:02]} 24. Qc3 {[%emt 0:00:03]} Bc6+ {[%emt 0:00:02]} 25. e4 {[%emt 0:00:02]} Nf3 {[%emt 0:00:04]} 26. Nxf3 {[%emt 0:00:01]} Qxf3+ {[%emt 0:00:02]} 27. Kg1 {[%emt 0:00:04]} Rxe4 {[%emt 0:00:02]} 28. Rf1 {[%emt 0:00:02]} Qe3+ {[%emt 0:00:04]} 29. Kg2 {[%emt 0:00:01]} Rxc4+ {[%emt 0:00:02]} 30. Kh3 {[%emt 0:00:03]} Qe6+ {[%emt 0:00:02]} 31. Bf5 {[%emt 0:00:03]} Rxf5 {[%emt 0:00:01]} 32. Qxc4 {[%emt 0:00:01]} Rh5# {[%emt 0:00:02] (Lag: Av=0.22s, max=0.7s)} 0-1

[Event "Stay Safe Play From Home 164"]
[Site "T#646228Emanuel Laske"]
[Date "2020.05.21"]
[Round "4"]
[White "SecantFX"]
[Black "Aleckst"]
[Result "1-0"]
[WhiteElo "1898"]
[BlackElo "1381"]
[Annotator "NA"]
[PlyCount "57"]
[EventDate "2020.05.21"]
[EventType "swiss (blitz)"]

1. g3 {[%emt 0:00:03]} b6 {[%emt 0:00:02]} 2. Bg2 {[%emt 0:00:00]} Nc6 {[%emt 0:00:01]} 3. f4 {[%emt 0:00:00]} Bb7 {[%emt 0:00:01]} 4. Nf3 {[%emt 0:00:00]} Nf6 {[%emt 0:00:01]} 5. d3 {[%emt 0:00:00]} d5 {[%emt 0:00:01]} 6. O-O {[%emt 0:00:00]} e6 {[%emt 0:00:01]} 7. Nc3 {[%emt 0:00:00]} Bd6 {[%emt 0:00:00]} 8. Re1 {[%emt 0:00:01]} O-O {[%emt 0:00:00]} 9. d4 {[%emt 0:00:00]} Re8 {[%emt 0:00:01]} 10. e3 {[%emt 0:00:00]} a5 {[%emt 0:00:02]} 11. Ne5 {[%emt 0:00:00]} Bxe5 {[%emt 0:00:04]} 12. fxe5 {[%emt 0:00:00]} Nd7 {[%emt 0:00:01]} 13. Ne2 {[%emt 0:00:01]} Ba6 {[%emt 0:00:01]} 14. c3 {[%emt 0:00:00]} Bxe2 {[%emt 0:00:02]} 15. Qxe2 {[%emt 0:00:01]} f6 {[%emt 0:00:02]} 16. e4 {[%emt 0:00:00]} dxe4 {[%emt 0:00:02]} 17. Bxe4 {[%emt 0:00:01]} fxe5 {[%emt 0:00:01]} 18. Bxc6 {[%emt 0:00:01]} exd4 {[%emt 0:00:03]} 19. cxd4 {[%emt 0:00:01]} Rf8 {[%emt 0:00:03]} 20. Bxa8 {[%emt 0:00:03]} Qxa8 {[%emt 0:00:02]} 21. Qxe6+ {[%emt 0:00:01]} Rf7 {[%emt 0:00:04]} 22. Bf4 {[%emt 0:00:04]} Qf8 {[%emt 0:00:03]} 23. Qe8 {[%emt 0:00:03]} h6 {[%emt 0:00:04]} 24. Qxf8+ {[%emt 0:00:01]} Nxf8 {[%emt 0:00:01]} 25. Re8 {[%emt 0:00:02]} Kh7 {[%emt 0:00:02]} 26. Rf1 {[%emt 0:00:03]} Nd7 {[%emt 0:00:01]} 27. Bxc7 {[%emt 0:00:02]} Nf6 {[%emt 0:00:02]} 28. Be5 {[%emt 0:00:02]} Rc7 {[%emt 0:00:04]} 29. Bxc7 {[%emt 0:00:02] Aleckst Сдается (Lag: Av=0.57s, max=1.8s)} 1-0

[Event "Stay Safe Play From Home 164"]
[Site "T#646228Emanuel Laske"]
[Date "2020.05.21"]
[Round "4"]
[White "Emresenar"]
[Black "Trotsky"]
[Result "0-1"]
[WhiteElo "1759"]
[BlackElo "1540"]
[Annotator "NA"]
[PlyCount "60"]
[EventDate "2020.05.21"]
[EventType "swiss (blitz)"]

1. e4 {[%emt 0:00:01]} c5 {[%emt 0:00:01]} 2. Nf3 {[%emt 0:00:00]} e6 {[%emt 0:00:01]} 3. Bc4 {[%emt 0:00:00]} d5 {[%emt 0:00:01]} 4. exd5 {[%emt 0:00:00]} exd5 {[%emt 0:00:01]} 5. Bb3 {[%emt 0:00:01]} Be6 {[%emt 0:00:01]} 6. c3 {[%emt 0:00:01]} c4 {[%emt 0:00:01]} 7. Bc2 {[%emt 0:00:01]} Nc6 {[%emt 0:00:01]} 8. d3 {[%emt 0:00:00]} Bd6 {[%emt 0:00:01]} 9. O-O {[%emt 0:00:01]} Qc7 {[%emt 0:00:01]} 10. dxc4 {[%emt 0:00:01]} dxc4 {[%emt 0:00:05]} 11. h3 {[%emt 0:00:01]} O-O-O {[%emt 0:00:02]} 12. Qe2 {[%emt 0:00:00]} Nf6 {[%emt 0:00:01]} 13. Be3 {[%emt 0:00:01]} h5 {[%emt 0:00:01]} 14. Nbd2 {[%emt 0:00:01]} Ng4 {[%emt 0:00:01]} 15. Nxc4 {[%emt 0:00:05]} Bh2+ {[%emt 0:00:04]} 16. Kh1 {[%emt 0:00:04]} Bd5 {[%emt 0:00:01]} 17. Bf5+ {[%emt 0:00:10]} Kb8 {[%emt 0:00:02]} 18. g3 {[%emt 0:00:09]} Bxg3 {[%emt 0:00:03]} 19. fxg3 {[%emt 0:00:00]} Qxg3 {[%emt 0:00:03]} 20. Qg2 {[%emt 0:00:08]} Qc7 {[%emt 0:00:06]} 21. Bd4 {[%emt 0:00:06]} g6 {[%emt 0:00:05]} 22. Nce5 {[%emt 0:00:00]} Ngxe5 {[%emt 0:00:01]} 23. Nxe5 {[%emt 0:00:01]} Nxe5 {[%emt 0:00:01]} 24. Bxe5 {[%emt 0:00:01]} Qxe5 {[%emt 0:00:01]} 25. Kg1 {[%emt 0:00:03]} Bxg2 {[%emt 0:00:01]} 26. Kxg2 {[%emt 0:00:00]} gxf5 {[%emt 0:00:01]} 27. Rf2 {[%emt 0:00:01]} Rhg8+ {[%emt 0:00:01]} 28. Kf1 {[%emt 0:00:01]} Qg3 {[%emt 0:00:02]} 29. Re1 {[%emt 0:00:00]} Qg1+ {[%emt 0:00:01]} 30. Ke2 {[%emt 0:00:00]} Rde8+ {[%emt 0:00:01] . Zaman (Lag: Av=0.53s, max=0.6s)} 0-1

[Event "Stay Safe Play From Home 164"]
[Site "T#646228Emanuel Laske"]
[Date "2020.05.21"]
[Round "4"]
[White "Matanant"]
[Black "Mandy"]
[Result "1-0"]
[WhiteElo "1711"]
[BlackElo "901"]
[Annotator "NA"]
[PlyCount "35"]
[EventDate "2020.05.21"]
[EventType "swiss (blitz)"]

1. e4 {[%emt 0:00:01]} c6 {[%emt 0:00:03]} 2. f4 {[%emt 0:00:02]} d5 {[%emt 0:00:01]} 3. Nf3 {[%emt 0:00:00]} Bg4 {[%emt 0:00:02]} 4. e5 {[%emt 0:00:02]} e6 {[%emt 0:00:01]} 5. Be2 {[%emt 0:00:02]} f6 {[%emt 0:00:01]} 6. O-O {[%emt 0:00:02]} Bc5+ {[%emt 0:00:06]} 7. d4 {[%emt 0:00:02]} Bb6 {[%emt 0:00:04]} 8. Be3 {[%emt 0:00:02]} Nh6 {[%emt 0:00:04]} 9. c3 {[%emt 0:00:02]} O-O {[%emt 0:00:01]} 10. h3 {[%emt 0:00:02]} Bxf3 {[%emt 0:00:03]} 11. Bxf3 {[%emt 0:00:00]} Nf5 {[%emt 0:00:02]} 12. Bf2 {[%emt 0:00:01]} Nd7 {[%emt 0:00:06]} 13. g4 {[%emt 0:00:01]} Ne7 {[%emt 0:00:04]} 14. Nd2 {[%emt 0:00:00]} f5 {[%emt 0:00:03]} 15. Bh4 {[%emt 0:00:04]} g5 {[%emt 0:00:10]} 16. Bxg5 {[%emt 0:00:02]} fxg4 {[%emt 0:00:06]} 17. Bxg4 {[%emt 0:00:02]} h6 {[%emt 0:00:01]} 18. Bxe6+ {[%emt 0:00:02] Zeit (Lag: Av=0.74s, max=1.4s)} 1-0